[Event "Rowy Seniors-ch 15th"]
[Site "Rowy"]
[Date "2009.09.10"]
[Round "3"]
[White "Kocik, Genowefa"]
[Black "Spychalska, Bozena"]
[Result "0-1"]
[WhiteElo "1546"]
[BlackElo "1617"]
[PlyCount "52"]
[EventDate "2009.09.08"]
[EventType "swiss"]
[EventRounds "9"]
[EventCountry "POL"]
[SourceTitle "EXT 2010"]
[Source "ChessBase"]
[SourceDate "2010.11.25"]
[SourceVersion "1"]
[SourceVersionDate "2010.11.25"]
[SourceQuality "1"]

1. e4 e5 2. Nc3 Nf6 3. Bc4 Be7 4. d3 d6 5. a3 c6 6. Bd2 0-0 7. Bb3 d5 8. exd5 cxd5 9. h3 d4 10. Ne4 Nbd7 11. f3 Qc7 12. Qe2 b6 13. Rc1 Bb7 14. Nxf6+ Nxf6 15. c4 Bd6 16. Kd1 Kh8 17. Be1 Nd7 18. Bf2 f5 19. g3 Rae8 20. Kc2 Bc5 21. Be1 a5 22. Kb1 e4 23. fxe4 fxe4 24. Rh2 exd3 25. Qd2 Ne5 26. Bd1 Rf1 0-1

[Event "POL-ch disabled"]
[Site "Rowy"]
[Date "2009.09.04"]
[Round "6.26"]
[White "Kocik, Genowefa"]
[Black "Krawczyk, Zbigniew"]
[Result "0-1"]
[WhiteElo "1546"]
[BlackElo "1757"]
[PlyCount "48"]
[EventDate "2009.09.01"]
[EventType "swiss"]
[EventRounds "9"]
[EventCountry "POL"]
[SourceTitle "EXT 2023"]
[Source "ChessBase"]
[SourceDate "2022.10.05"]
[SourceVersion "1"]
[SourceVersionDate "2022.10.05"]
[SourceQuality "1"]

1. e4 c6 2. d4 d5 3. e5 Bf5 4. c3 e6 5. Be2 Nd7 6. Nf3 h6 7. Nbd2 c5 8. 0-0 cxd4 9. cxd4 Ne7 10. Bb5 a6 11. Bxd7+ Qxd7 12. Nh4 Bh7 13. Nhf3 Rc8 14. Nb3 Bc2 15. Qd2 Bxb3 16. axb3 Qb5 17. b4 Nf5 18. Qd1 Bxb4 19. Bd2 0-0 20. Bxb4 Qxb4 21. Rb1 Rc6 22. Qd2 Qxd2 23. Nxd2 Nxd4 24. Kh1 Rfc8 0-1

[Event "POL-ch disabled"]
[Site "Rowy"]
[Date "2009.09.01"]
[Round "1.28"]
[White "Karolak, Jan"]
[Black "Kocik, Genowefa"]
[Result "1-0"]
[WhiteElo "1944"]
[BlackElo "1546"]
[PlyCount "49"]
[EventDate "2009.09.01"]
[EventType "swiss"]
[EventRounds "9"]
[EventCountry "POL"]
[SourceTitle "EXT 2023"]
[Source "ChessBase"]
[SourceDate "2022.10.05"]
[SourceVersion "1"]
[SourceVersionDate "2022.10.05"]
[SourceQuality "1"]

1. Nf3 Nc6 2. g3 e5 3. d3 Bc5 4. Bg2 d5 5. 0-0 a6 6. Nxe5 Bxf2+ 7. Rxf2 Nxe5 8. d4 Ng6 9. Nc3 Be6 10. e4 c6 11. Be3 Qd7 12. Na4 Rd8 13. Nc5 Qc8 14. Qf1 b6 15. Nxe6 Qxe6 16. Bg5 N8e7 17. exd5 cxd5 18. Re1 Qg4 19. Bxe7 Nxe7 20. Rxf7 Qxd4+ 21. Kh1 Rd7 22. c3 Qc4 23. Qf4 d4 24. Rxg7 Rf8 25. Qb8+ 1-0

[Event "POL-ch Seniors 18th"]
[Site "Rowy"]
[Date "2007.09.16"]
[Round "9.22"]
[White "Panek, Tadeusz"]
[Black "Kocik, Genowefa"]
[Result "1-0"]
[WhiteElo "1992"]
[BlackElo "1632"]
[PlyCount "39"]
[EventDate "2007.09.09"]
[EventType "swiss"]
[EventRounds "9"]
[EventCountry "POL"]
[SourceTitle "EXT 2023"]
[Source "ChessBase"]
[SourceDate "2022.10.05"]
[SourceVersion "1"]
[SourceVersionDate "2022.10.05"]
[SourceQuality "1"]

1. d4 e6 2. c4 Nf6 3. Nc3 a6 4. e4 b6 5. Nf3 h6 6. Bd3 Bb4 7. 0-0 0-0 8. a3 Bxc3 9. bxc3 Nc6 10. Re1 e5 11. d5 Ne7 12. Nh4 d6 13. Bd2 Bg4 14. f3 Bc8 15. g4 Ng6 16. Nf5 Bxf5 17. gxf5 Ne7 18. Kh1 Kh8 19. Rg1 Rg8 20. f4 1-0

[Event "POL-ch disabled"]
[Site "Chotowa"]
[Date "2007.05.30"]
[Round "7.26"]
[White "Kocik, Genowefa"]
[Black "Zarow, Elzbieta"]
[Result "0-1"]
[WhiteElo "1679"]
[BlackElo "1509"]
[PlyCount "45"]
[EventDate "2007.05.26"]
[EventType "swiss"]
[EventRounds "9"]
[EventCountry "POL"]
[SourceTitle "EXT 2023"]
[Source "ChessBase"]
[SourceDate "2022.10.05"]
[SourceVersion "1"]
[SourceVersionDate "2022.10.05"]
[SourceQuality "1"]

1. e4 e5 2. Nf3 Nc6 3. Nc3 Nge7 4. d4 exd4 5. Nxd4 h6 6. Be3 d6 7. Be2 Bd7 8. 0-0 a6 9. Bf3 Qc8 10. Nxc6 bxc6 11. Ne2 Bg4 12. Ng3 Bxf3 13. Qxf3 g6 14. Bd4 Rh7 15. c4 c5 16. Bc3 h5 17. h4 Qg4 18. Bf6 Qxf3 19. gxf3 Bg7 20. Bxg7 Rxg7 21. f4 f6 22. Rae1 Nc6 23. f3 0-1

[Event "Brandenburg Seniors op 14th"]
[Site "Rowy"]
[Date "2005.06.20"]
[Round "1"]
[White "Kocik, Genowefa"]
[Black "Wiebke, Elfriede"]
[Result "1-0"]
[WhiteElo "1800"]
[BlackElo "1028"]
[PlyCount "83"]
[EventDate "2005.06.20"]
[EventType "swiss"]
[EventRounds "9"]
[EventCountry "POL"]
[SourceTitle "EXT 2007"]
[Source "ChessBase"]
[SourceDate "2006.11.23"]
[SourceVersion "1"]
[SourceVersionDate "2006.11.23"]
[SourceQuality "1"]

1. e4 e5 2. Nf3 d6 3. Nc3 Be6 4. d4 exd4 5. Nxd4 d5 6. Nxe6 fxe6 7. exd5 Bb4 8. Qh5+ g6 9. Qe5 Bxc3+ 10. bxc3 Qe7 11. Bb5+ c6 12. dxc6 bxc6 13. Ba4 Nf6 14. Bg5 0-0 15. 0-0 Nbd7 16. Qe2 Qd6 17. Bxf6 Nxf6 18. g3 Nd5 19. Qc4 Nb6 20. Qxc6 Qxc6 21. Bxc6 Rad8 22. Be4 Nc4 23. Bd3 Nb6 24. c4 Na4 25. a3 Nc5 26. Rad1 Na4 27. Ra1 Nc5 28. Rfd1 Na4 29. Bf1 Rxd1 30. Rxd1 Nc3 31. Rd4 e5 32. Rd7 a5 33. c5 Ne4 34. Bc4+ Kh8 35. c6 Rxf2 36. Rd8+ Kg7 37. Rg8+ Kh6 38. Bd5 Rf4 39. Bxe4 Rxe4 40. c7 Rc4 41. c8Q Rxc8 42. Rxc8 1-0

[Event "Rowy Seniors op 7th"]
[Site "Rowy"]
[Date "2003.09.08"]
[Round "9"]
[White "Bubka, Stanislaw"]
[Black "Kocik, Genowefa"]
[Result "1-0"]
[WhiteElo "1800"]
[BlackElo "1800"]
[PlyCount "59"]
[EventDate "2003.08.??"]
[EventType "swiss"]
[EventRounds "9"]
[EventCountry "POL"]
[SourceTitle "EXT 2006"]
[Source "ChessBase"]
[SourceDate "2005.11.24"]
[SourceVersion "1"]
[SourceVersionDate "2005.11.24"]
[SourceQuality "1"]

1. c4 Nf6 2. d4 e6 3. Nc3 Bb4 4. Bd2 Be7 5. e4 d6 6. Bd3 e5 7. d5 0-0 8. Be2 c6 9. Bf3 c5 10. Nge2 Bg4 11. Ng3 Bxf3 12. Qxf3 Ne8 13. Nf5 Bf6 14. Qg3 Kh8 15. f4 Nd7 16. Nb5 exf4 17. Bxf4 Be5 18. Nbxd6 Bxf4 19. Qxf4 Qf6 20. Nxe8 Raxe8 21. 0-0 Ne5 22. b3 Ng6 23. Qe3 b6 24. Rad1 Qe5 25. Ng3 Rd8 26. Rf5 Qb2 27. Rd2 Qa1+ 28. Rf1 Qd4 29. Rxd4 cxd4 30. Qxd4 1-0

[Event "Rowy Seniors op 7th"]
[Site "Rowy"]
[Date "2003.09.05"]
[Round "6"]
[White "Kocik, Genowefa"]
[Black "Magierowski, Stanislaw"]
[Result "0-1"]
[WhiteElo "1800"]
[BlackElo "1801"]
[PlyCount "76"]
[EventDate "2003.08.??"]
[EventType "swiss"]
[EventRounds "9"]
[EventCountry "POL"]
[SourceTitle "EXT 2006"]
[Source "ChessBase"]
[SourceDate "2005.11.24"]
[SourceVersion "1"]
[SourceVersionDate "2005.11.24"]
[SourceQuality "1"]

1. e4 e6 2. Nf3 d5 3. e5 c5 4. c3 Nc6 5. Bb5 Nge7 6. 0-0 a6 7. Bxc6+ Nxc6 8. d4 Bd7 9. Be3 cxd4 10. cxd4 Rc8 11. a3 Be7 12. Nc3 b5 13. b4 0-0 14. Ne2 Qb6 15. Ng3 Rc7 16. Bg5 Rfc8 17. Rc1 Bxg5 18. Nxg5 h6 19. Nf3 a5 20. Rc5 axb4 21. axb4 Nxb4 22. Rxc7 Qxc7 23. h3 Qc2 24. Qd2 Rc4 25. Ra1 Qxd2 26. Nxd2 Rxd4 27. Nb3 Rc4 28. Na5 Rc2 29. Nb7 Nd3 30. Nh5 Nxe5 31. Nd6 b4 32. f4 b3 33. fxe5 b2 34. Ra8+ Kh7 35. Rb8 Rc1+ 36. Kh2 b1Q 37. Rxb1 Rxb1 38. Nxf7 d4 0-1

[Event "Brandenburg Seniors op 12th"]
[Site "Rowy"]
[Date "2003.06.25"]
[Round "9"]
[White "Kocik, Genowefa"]
[Black "Zasztowt, Helena"]
[Result "0-1"]
[WhiteElo "1600"]
[BlackElo "1600"]
[PlyCount "60"]
[EventDate "2003.06.??"]
[EventType "swiss"]
[EventRounds "9"]
[EventCountry "POL"]
[SourceTitle "EXT 2006"]
[Source "ChessBase"]
[SourceDate "2005.11.24"]
[SourceVersion "1"]
[SourceVersionDate "2005.11.24"]
[SourceQuality "1"]

1. e4 c5 2. Nf3 e6 3. a4 a5 4. c3 Nc6 5. Bb5 Nge7 6. d3 g6 7. Be3 b6 8. Bg5 Bg7 9. Qd2 0-0 10. Bxc6 dxc6 11. 0-0 Qc7 12. Bh6 Rd8 13. Bxg7 Kxg7 14. c4 e5 15. Na3 Bg4 16. Qe3 Qd6 17. Ne1 Ra7 18. Nac2 Rad7 19. f3 Be6 20. b3 f5 21. f4 exf4 22. Qxf4 Qxf4 23. Rxf4 fxe4 24. Rxe4 Bf5 25. Re3 g5 26. h3 h6 27. Kh2 Bg6 28. g4 Rf8 29. Kg2 h5 30. Nf3 hxg4 0-1

[Event "Brandenburg Seniors op 12th"]
[Site "Rowy"]
[Date "2003.06.23"]
[Round "7"]
[White "Kocik, Genowefa"]
[Black "Schult, Otto"]
[Result "0-1"]
[WhiteElo "1600"]
[BlackElo "1605"]
[PlyCount "108"]
[EventDate "2003.06.??"]
[EventType "swiss"]
[EventRounds "9"]
[EventCountry "POL"]
[SourceTitle "EXT 2006"]
[Source "ChessBase"]
[SourceDate "2005.11.24"]
[SourceVersion "1"]
[SourceVersionDate "2005.11.24"]
[SourceQuality "1"]

1. e4 c6 2. Nc3 d5 3. e5 e6 4. d4 Nd7 5. Nf3 c5 6. Bb5 a6 7. Bxd7+ Bxd7 8. 0-0 h6 9. Be3 b6 10. a4 Qb8 11. b3 Be7 12. Ne2 c4 13. c3 cxb3 14. Qxb3 b5 15. a5 Bd8 16. Nf4 Ne7 17. Nd3 Nc6 18. Nc5 Nxa5 19. Qc2 Bc8 20. Bf4 Nc4 21. Nd2 Bc7 22. Nxc4 dxc4 23. Bg3 0-0 24. Qe2 Bb6 25. Ne4 Qc7 26. Nd6 Qd7 27. h4 Bc7 28. Ne4 Bb7 29. Nc5 Qc6 30. Nxb7 Qxb7 31. Qf3 Qxf3 32. gxf3 f6 33. f4 Rfb8 34. Rfb1 a5 35. exf6 gxf6 36. Re1 Kf7 37. f5 Bxg3 38. fxe6+ Ke7 39. fxg3 Rb6 40. d5 a4 41. Re4 a3 42. Ra2 b4 43. cxb4 Rxb4 44. Kf2 Rb2+ 45. Re2 c3 46. Rc2 Ra5 47. Ke3 Rxd5 48. Rcxb2 cxb2 49. Rxa3 b1Q 50. Ra7+ Kxe6 51. Rg7 Qd3+ 52. Kf2 Rf5+ 53. Kg1 Qe2 54. g4 Rf1# 0-1

[Event "Brandenburg Seniors op 12th"]
[Site "Rowy"]
[Date "2003.06.21"]
[Round "5"]
[White "Serowy, Reinhold"]
[Black "Kocik, Genowefa"]
[Result "1/2-1/2"]
[WhiteElo "1236"]
[BlackElo "1600"]
[PlyCount "41"]
[EventDate "2003.06.??"]
[EventType "swiss"]
[EventRounds "9"]
[EventCountry "POL"]
[SourceTitle "EXT 2006"]
[Source "ChessBase"]
[SourceDate "2005.11.24"]
[SourceVersion "1"]
[SourceVersionDate "2005.11.24"]
[SourceQuality "1"]

1. b4 e5 2. a3 Nf6 3. Bb2 d6 4. e3 Be7 5. Nf3 Bg4 6. Be2 Nbd7 7. c4 0-0 8. 0-0 Bxf3 9. Bxf3 c6 10. Nc3 a6 11. Qb3 Rc8 12. Rac1 Rb8 13. d3 a5 14. b5 Nc5 15. Qc2 cxb5 16. Nxb5 Ne6 17. a4 Ng5 18. Be2 Nd7 19. f4 exf4 20. Rxf4 Bf6 21. Nxd6 1/2-1/2

[Event "Brandenburg Seniors op 12th"]
[Site "Rowy"]
[Date "2003.06.20"]
[Round "4"]
[White "Kocik, Genowefa"]
[Black "Joch, Horst"]
[Result "0-1"]
[WhiteElo "1600"]
[BlackElo "1697"]
[PlyCount "137"]
[EventDate "2003.06.??"]
[EventType "swiss"]
[EventRounds "9"]
[EventCountry "POL"]
[SourceTitle "EXT 2006"]
[Source "ChessBase"]
[SourceDate "2005.11.24"]
[SourceVersion "1"]
[SourceVersionDate "2005.11.24"]
[SourceQuality "1"]

1. e4 e6 2. Nf3 d5 3. e5 c5 4. d4 Nc6 5. c3 Qb6 6. dxc5 Bxc5 7. Qc2 Qc7 8. Bb5 Bd7 9. Bxc6 Bxc6 10. 0-0 Ne7 11. b4 Bb6 12. a4 a5 13. b5 Bd7 14. Bf4 Rc8 15. Ra3 d4 16. Qd3 Nd5 17. Bd2 dxc3 18. Nxc3 Qc4 19. Nxd5 Qxd5 20. Be3 Bc5 21. Bxc5 Rxc5 22. h3 Ke7 23. Qxd5 exd5 24. Re1 Be6 25. Rd3 Rhc8 26. Kh2 Rc2 27. Kg3 Ra2 28. Rd4 Rc4 29. Re3 Raxa4 30. Rxc4 Rxc4 31. Rd3 Rc5 32. Nd4 Bd7 33. b6 g6 34. h4 Rc4 35. f3 Rb4 36. Nb3 Bc6 37. Nxa5 Rxb6 38. Rb3 Rxb3 39. Nxb3 b5 40. Nd4 Bd7 41. Kf4 b4 42. g4 h6 43. Ke3 f6 44. e6 Ba4 45. Kd2 Kd6 46. f4 Kc5 47. Ne2 Kc4 48. Kc1 Kd3 49. Ng1 Ke3 50. f5 g5 51. hxg5 hxg5 52. e7 Kf4 53. Kb2 Kxg4 54. Ne2 Kxf5 55. e8Q Bxe8 56. Kb3 Ke4 57. Kxb4 Bf7 58. Kc3 f5 59. Kd2 f4 60. Ke1 d4 61. Kf2 Bc4 62. Ng1 g4 63. Ke1 Ke3 64. Ne2 f3 65. Ng3 f2+ 66. Kd1 f1Q+ 67. Nxf1+ Bxf1 68. Ke1 Bc4 69. Kd1 0-1

[Event "Brandenburg Seniors op 12th"]
[Site "Rowy"]
[Date "2003.06.17"]
[Round "1"]
[White "Kocik, Genowefa"]
[Black "Notzke, Horst"]
[Result "0-1"]
[WhiteElo "1600"]
[BlackElo "1950"]
[PlyCount "82"]
[EventDate "2003.06.??"]
[EventType "swiss"]
[EventRounds "9"]
[EventCountry "POL"]
[SourceTitle "EXT 2006"]
[Source "ChessBase"]
[SourceDate "2005.11.24"]
[SourceVersion "1"]
[SourceVersionDate "2005.11.24"]
[SourceQuality "1"]

1. e4 d6 2. Bc4 Nf6 3. Nc3 e5 4. d4 exd4 5. Qxd4 Nc6 6. Qd2 Be6 7. Bb5 Bd7 8. Nge2 a6 9. Bd3 Ne5 10. h3 Bc6 11. Ng3 Qd7 12. Qf4 0-0-0 13. Qf5 h5 14. Qxd7+ Bxd7 15. Bf4 h4 16. Bxe5 dxe5 17. Nf5 Bxf5 18. exf5 Bb4 19. 0-0 Bxc3 20. bxc3 Nd5 21. c4 Nf4 22. Rad1 Rhe8 23. Rfe1 c6 24. Kf1 Kc7 25. a4 Rd4 26. a5 f6 27. Re4 Red8 28. Rxd4 Rxd4 29. g3 b6 30. axb6+ Kxb6 31. Re1 Nxd3 32. cxd3 Rxd3 33. Re4 Rd4 34. Ke2 Kc5 35. Ke3 a5 36. f4 exf4+ 37. Rxf4 Rxf4 38. Kxf4 a4 39. Ke3 a3 40. Kd3 a2 41. Kc2 a1Q 0-1